Normal view
MARC view
Entry Personal Name
001 - CONTROL NUMBER
- control field: 677059
003 - CONTROL NUMBER IDENTIFIER
- control field: OSt
005 - DATE AND TIME OF LATEST TRANSACTION
- control field: 20221006164304.0
008 - FIXED-LENGTH DATA ELEMENTS
- fixed length control field: 221006|| aca||aabn | a|a d
040 ## - CATALOGING SOURCE
- Original cataloging agency: OSt
- Transcribing agency: OSt
100 ## - HEADING--PERSONAL NAME
- Personal name: Kulshreshtra Sushma Ed
670 ## - SOURCE DATA FOUND
- Source citation: Work cat.: (OSt)1116753: Kulshreshtra Sushma Ed., Sanskrta - Sangita - Vijayanti, 1992
